00790pam a2200253 a 4500001000800000005001700008008004100025010001700066020002800083040002300111050002400134060002200158082001400180245005600194260005300250300005700303504005100360650001900411650002100430650001500451650003200466650002000498700001800518258138820160712115843.0960827s1997 maua b 001 0 eng c a 96043031  a0878937471 (alk. paper) aDNLM/DLCcDLCdDLC00aQP355.2b.N487 199710aWL 102 N4996 199700a612.822000aNeuroscience /cedited by Dale Purves ... [et al.]. aSunderland, Mass. :bSinauer Associates,cc1997. a1 v. (various pagings) :bill. (some col.) ;c29 cm. aIncludes bibliographical references and index. 0aNeurosciences. 0aNeurophysiology. 0aNeurology.12aNervous Systemxphysiology.22aNeurochemistry.1 aPurves, Dale.